ბათუმის შოთა რუსთაველის სახელმწიფო უნივერსიტეტის ბიბლიოთეკა

Краткий инженерный справочник по технологии неорганических веществ:графики и номограммы. (ბიბ.ჩანაწერი № 37288)

000 -LEADER
fixed length control field 00760nam a2200205Ia 4500
001 - CONTROL NUMBER
control field 3247
003 - CONTROL NUMBER IDENTIFIER
control field GE_BSU
008 - FIXED-LENGTH DATA ELEMENTS--GENERAL INFORMATION
fixed length control field 181216s||||||||xx |||||||||||||| ||und||
040 ## - CATALOGING SOURCE
Transcribing agency GE_BSU
080 ## - UNIVERSAL DECIMAL CLASSIFICATION NUMBER
Universal Decimal Classification number 546+548(03)
100 ## - MAIN ENTRY--PERSONAL NAME
Personal name Мельник,Б.Д. Мельников,Е.Б.
245 ## - TITLE STATEMENT
Title Краткий инженерный справочник по технологии неорганических веществ:графики и номограммы.
245 ## - TITLE STATEMENT
Statement of responsibility, etc. Ред. Н.С.Абрамова.
260 ## - PUBLICATION, DISTRIBUTION, ETC.
Place of publication, distribution, etc. М.
260 ## - PUBLICATION, DISTRIBUTION, ETC.
Name of publisher, distributor, etc. Химия.
260 ## - PUBLICATION, DISTRIBUTION, ETC.
Date of publication, distribution, etc. 1968.
300 ## - PHYSICAL DESCRIPTION
Extent 431 стр. 20 см.
653 ## - INDEX TERM--UNCONTROLLED
Uncontrolled term Краткий инженерный справочник по технологии неорганических веществ.
942 ## - ADDED ENTRY ELEMENTS (KOHA)
Koha item type წიგნი
ეგზემპლარები
Withdrawn status Lost status Damaged status Not for loan Date acquired Barcode Date last seen Price effective from Koha item type Public note
        2018-12-17 9828 2018-12-17 2018-12-17 წიგნი დარბაზი